World civilizations from ancient to contemporary
Part One covers the early modern world 1400-1789 Part Two covers the late modern world 1789-1914 Part Three covers the contemporary world 1914 to present (1969)
Gespeichert in:
| 1. Verfasser: | |
|---|---|
| Format: | Buch |
| Sprache: | Undetermined |
| Veröffentlicht: |
New York
Norton
1964
|
| Schlagworte: | |
| Tags: |
Tag hinzufügen
Keine Tags, Fügen Sie den ersten Tag hinzu!
|
| Thư viện lưu trữ: | Trung tâm Học liệu Trường Đại học Cần Thơ |
|---|
| LEADER | 00709nam a2200205Ia 4500 | ||
|---|---|---|---|
| 001 | CTU_140903 | ||
| 008 | 210402s9999 xx 000 0 und d | ||
| 082 | |a 909 | ||
| 082 | |b B967/Vol.2 | ||
| 100 | |a Burns, Edward McNall | ||
| 245 | 0 | |a World civilizations from ancient to contemporary | |
| 245 | 0 | |c Edward McNall Burns, Philip Lee Ralph | |
| 260 | |a New York | ||
| 260 | |b Norton | ||
| 260 | |c 1964 | ||
| 520 | |a Part One covers the early modern world 1400-1789 Part Two covers the late modern world 1789-1914 Part Three covers the contemporary world 1914 to present (1969) | ||
| 650 | |a Civilization | ||
| 650 | |x History | ||
| 904 | |i Năm | ||
| 980 | |a Trung tâm Học liệu Trường Đại học Cần Thơ | ||